Beethoven
Guardat en:
| Autor principal: | |
|---|---|
| Format: | Llibre |
| Idioma: | espanyol |
| Publicat: |
Buenos Aires
Anaconda
1951
|
| Matèries: | |
| Etiquetes: |
Afegir etiqueta
Sense etiquetes, Sigues el primer a etiquetar aquest registre!
|
MARC
| LEADER | 00000nam a2200000 a 4500 | ||
|---|---|---|---|
| 001 | UCO4025 | ||
| 003 | CL-VaPUC | ||
| 005 | 20240628151637.0 | ||
| 008 | 000728e19510000AG |||||||||||||||||spa|d | ||
| 999 | |c 290112 |d 290110 | ||
| 040 | |c Pontificia Universidad Católica de Valparaíso | ||
| 082 | 0 | 4 | |a 780.92 |b SCO |2 21 |
| 100 | 0 | |a Scott, Marion M |e author |9 448118 | |
| 245 | 1 | 0 | |a Beethoven |
| 260 | |a Buenos Aires |b Anaconda |c 1951 | ||
| 300 | |a 254 p | ||
| 583 | |a last modification |c 20000728 00:00:00 |k Rodrigo Vera | ||
| 600 | 0 | |a Beethoven, Ludwig van |d 1770-1827 |e compositor |9 306286 | |
| 650 | 0 | |a Músicos alemanes |2 CL-VaPUC |9 306627 | |
| 650 | 0 | |a Biografías |9 255210 | |
| 942 | |c BK |2 ddc | ||
| 945 | |d 20000728 00:00:00 |a crobeson | ||
| 952 | |0 0 |1 0 |4 0 |6 780_920000000000000_SCO_1951 |7 0 |8 A |9 339329 |a BIBHIS |b BIBHIS |d 2019-11-20 |i 1203088 |o 780.92 SCO 1951 |p 1203088 |r 2025-01-20 |w 2019-11-20 |y BK |k HIS | ||